|
|
|
|
| LEADER |
00000nam0a2200000 4500 |
| 001 |
219667 |
| 005 |
20231101230256.0 |
| 035 |
|
|
|a (RuTPU)RU\TPU\book\239754
|
| 035 |
|
|
|a RU\TPU\book\239568
|
| 090 |
|
|
|a 219667
|
| 100 |
|
|
|a 20120712d1978 k y0rusy50 ca
|
| 101 |
0 |
|
|a rus
|
| 102 |
|
|
|a UZ
|
| 105 |
|
|
|a a z 001zy
|
| 200 |
1 |
|
|a Ядернофизические методы опробования и анализа на предприятиях цветной металлургии
|e научные труды
|f Среднеазиатский научно-исследовательский и проектный институт цветной металлургии
|
| 210 |
|
|
|a Ташкент
|d 1978
|
| 215 |
|
|
|a 81 с.
|c ил.
|
| 225 |
1 |
|
|a Научные труды
|e сборник
|e Средазнипроцветмет
|v № 22
|
| 320 |
|
|
|a Библиография в конце статей
|
| 606 |
1 |
|
|a Рудные месторождения
|x Поиски и разведка
|x Радиометрический метод
|2 stltpush
|3 (RuTPU)RU\TPU\subj\25964
|9 49995
|
| 610 |
1 |
|
|a горные породы
|
| 610 |
1 |
|
|a неоднородность
|
| 610 |
1 |
|
|a ядернофизическое опробование
|
| 610 |
1 |
|
|a медные месторождения
|
| 610 |
1 |
|
|a скважины
|
| 610 |
1 |
|
|a геологический разрез
|
| 610 |
1 |
|
|a ядерно-геофизические методы
|
| 610 |
1 |
|
|a алюмосиликатные породы
|
| 610 |
1 |
|
|a кремнийсодержание
|
| 610 |
1 |
|
|a сухие скважины
|
| 610 |
1 |
|
|a тепловые нейтроны
|
| 610 |
1 |
|
|a активационные эффекты
|
| 610 |
1 |
|
|a подземные скважины
|
| 610 |
1 |
|
|a ртутно-сурьмяные руды
|
| 610 |
1 |
|
|a полиметаллические месторождения
|
| 610 |
1 |
|
|a Средняя Азия
|
| 610 |
1 |
|
|a сцинтилляционные датчики
|
| 610 |
1 |
|
|a световоды
|
| 610 |
1 |
|
|a эксплуатационно-разведочные работы
|
| 610 |
1 |
|
|a гетерогенные среды
|
| 610 |
1 |
|
|a фотонные поля
|
| 610 |
1 |
|
|a рентгенорадиометрическое опробование
|
| 610 |
1 |
|
|a интерпретация данных
|
| 610 |
1 |
|
|a сурьмяное оруденение
|
| 675 |
|
|
|a 553.3/.4:550.83
|v 3
|
| 712 |
0 |
2 |
|a Среднеазиатский научно-исследовательский и проектный институт цветной металлургии
|2 stltpush
|3 (RuTPU)RU\TPU\col\9976
|9 24776
|
| 801 |
|
1 |
|a RU
|b 63413507
|c 20120607
|
| 801 |
|
2 |
|a RU
|b 63413507
|c 20120712
|g RCR
|
| 942 |
|
|
|c BK
|